00210nam a22000857a 4500082001800000100005700018245002200075260001500097300001200112 a297.42 A B W  aمولانا سید ابوالحسن علی ندوی aمنصف نبوت aلاھور a۲۸۲p